000 00567nam a2200193 i 4500
001 30501
003 ES-MaACL
005 20251011063056.0
007 t|
008 030124s1971 sp ||||1| spa d
100 1 _aBeltrán, Antonio,
_d1916-2006
_927333
245 1 0 _aGoya en Zaragoza /
_cpor Antonio Beltrán.
260 _aZaragoza :
_bAyuntamiemto,
_c[1971]
300 _a164 p., 13 lám. :
_bil. ;
_c26 cm.
600 1 4 _aGoya, Francisco de,
_d1746-1828
_9240353
852 _aES-MaACL
_jC-37292
_bR.78128
942 _2udc
999 _c30501
_d30501